<?xml version="1.0" encoding="UTF-8"?>
<record
    xmlns:xsi="http://www.w3.org/2001/XMLSchema-instance"
    xsi:schemaLocation="http://www.loc.gov/MARC21/slim http://www.loc.gov/standards/marcxml/schema/MARC21slim.xsd"
    xmlns="http://www.loc.gov/MARC21/slim">

  <leader>01784nam a22001457a 4500</leader>
  <controlfield tag="008">191127b        xxu||||| |||| 00| 0 eng d</controlfield>
  <datafield tag="020" ind1=" " ind2=" ">
    <subfield code="a">9789492095534</subfield>
  </datafield>
  <datafield tag="082" ind1=" " ind2=" ">
    <subfield code="a">707</subfield>
    <subfield code="b">UN58u</subfield>
  </datafield>
  <datafield tag="100" ind1=" " ind2=" ">
    <subfield code="a">Binna Choi; Annette Krauss; Yolande van der Heide (Editores)</subfield>
    <subfield code="9">7250</subfield>
  </datafield>
  <datafield tag="245" ind1=" " ind2=" ">
    <subfield code="a">Unlearning Exercises: Art Organizations as Sites for Unlearning</subfield>
  </datafield>
  <datafield tag="260" ind1=" " ind2=" ">
    <subfield code="a">Amsterdam</subfield>
    <subfield code="b">Valiz, book and cultural projects</subfield>
    <subfield code="c">2018</subfield>
  </datafield>
  <datafield tag="300" ind1=" " ind2=" ">
    <subfield code="a">231 p.</subfield>
    <subfield code="c">22 x 17 cm</subfield>
  </datafield>
  <datafield tag="505" ind1=" " ind2=" ">
    <subfield code="t">Foreword: Unlearnig to Unlearn</subfield>
    <subfield code="r">Kerstin Stakemeier y Marina Vishmidt</subfield>
    <subfield code="t">Introduction </subfield>
    <subfield code="r">Liz Allan y Yolande van der Heide </subfield>
    <subfield code="t">Unlearning Excercises </subfield>
    <subfield code="r">The Shifting Team at Casco and Annette Krauss </subfield>
    <subfield code="t">Toilet (T)issues #1: Toilet Tissue and Other Formless Organizational Matters </subfield>
    <subfield code="r">Antariksa, Binna Choi, Emily Pethick, Ferdiansyah Thajib y Syafiatudina</subfield>
    <subfield code="t">Lifelong Learning and the Professionalized Learner </subfield>
    <subfield code="r">Annette Krauss</subfield>
    <subfield code="t">The Imperative for Self-Attainment: From Cradle to Grave</subfield>
    <subfield code="r">Andrea Phillips</subfield>
    <subfield code="t">Toilet (T)issues #3: Against All Odds - Migrant Domesic Labor Struggle and Forms of Organizing. </subfield>
    <subfield code="r">Jacob Apostol, Binna Choi, Joy Melanie Escano, Annette Kraus, Faisol Iskandar, Ismiatun, Sakiko Sugawa, Yolande van der Heide, and Erminah Zaenah. </subfield>
    <subfield code="t">Sites for Unlearning in the Museum</subfield>
    <subfield code="r">Nancy Jouwe</subfield>
    <subfield code="t">Decolonizing Art Institutes from a Labor Point of View</subfield>
    <subfield code="r">Binna Choi y Yolande van der Heide</subfield>
    <subfield code="t">Toilet (T)issues #2: The Elephant in the Room (and Different Ways of Dealing with It)</subfield>
    <subfield code="r">Yollotl Alvarado, Binna Choi, Andr&#xE9;s Garc&#xED;a, Brigitta Isabella, Ying Que, Ferdiansyah Thajib, and Yolande van der Heide. </subfield>
    <subfield code="t">Afterword: Have You Had a Productive Day?</subfield>
    <subfield code="r">Binna Choi y Annette Krauss</subfield>
    <subfield code="t">Glossary of Terms </subfield>
    <subfield code="t">Bibliography</subfield>
    <subfield code="t">Colophon and Acknowledgements</subfield>
  </datafield>
  <datafield tag="650" ind1=" " ind2=" ">
    <subfield code="v">Arte contempor&#xE1;neo</subfield>
    <subfield code="x">Arte - educaci&#xF3;n</subfield>
    <subfield code="x">Arte - sociedad</subfield>
    <subfield code="x">Arte - filosof&#xED;a</subfield>
    <subfield code="z">Arte - Amsterdan</subfield>
    <subfield code="9">7251</subfield>
  </datafield>
  <datafield tag="999" ind1=" " ind2=" ">
    <subfield code="c">1875</subfield>
    <subfield code="d">1875</subfield>
  </datafield>
  <datafield tag="952" ind1=" " ind2=" ">
    <subfield code="0">0</subfield>
    <subfield code="1">0</subfield>
    <subfield code="2">ddc</subfield>
    <subfield code="4">0</subfield>
    <subfield code="7">0</subfield>
    <subfield code="a">LV</subfield>
    <subfield code="b">LV</subfield>
    <subfield code="c">Pensamiento</subfield>
    <subfield code="d">2019-11-27</subfield>
    <subfield code="l">0</subfield>
    <subfield code="o">707 UN58u</subfield>
    <subfield code="p">004883</subfield>
    <subfield code="r">2019-11-27 00:00:00</subfield>
    <subfield code="w">2019-11-27</subfield>
    <subfield code="y">01</subfield>
  </datafield>
</record>
